000 00415nam a2200133Ia 4500
008 231129s2018||||xx |||||||||||||| ||spa||
020 _a978-958-5425-87-3
082 _a363.4509861 S718n
100 _aSoto Franco Martha Elvira.
245 0 _aNarcojet: cocaí­na para el mundo en aviones de lujo
260 _c2018
264 _aBogotá: Penguin Random House
942 _2ddc
_cBKS
999 _c21585
_d21585